zpět

Detail výsledku týmu

Letní Bar Terasa, Břeclav

Datum a čas kvízu

36 Celkem bodů Celkový počet nahraných bodů na tomto kvízu bez doplňovacích otázek.
3. Pořadí na kvízu Konečné umístění týmu na tomto kvízu.

Zaznamenané odpovědi

# Otázka Odpověď Body Výsledky
1. Vandalský čin, který se udál b... mandala 1
2. Novozélandští vědci zkoumali v... úhoř 1
3. Jak se jmenuje žena, významně... Meda Mládková 1
4. Vyhledávač letenek Kiwi již ne... Kuba 1
5. Jak se nazývá země, jejíž favo... Turecko 0
6. V tomto tématu se podíváme na... Mojžíš 1
7. Zajímavým židovským svátkem je... Ester 1
8. Jak se nazývá osmidenní židovs... Chanuka 1
9. V této otázce nás nebude zajím... Šestidenní válka 1
10. Na závěr se vrátíme opět ke sv... B 1